000 00743nam a2200205Ii 4500
003 JO-AjNU
008 230605s9999||||xx |||||||||||||| ||und||
040 _aJO-AjNU
_bara
_erda
_cJO-AjNU
041 _aara
050 1 4 _aPJ7700.J3.Z747
100 3 _aتاليف البصري، ابو عبيدة معمر بن المثنى التيمي,
_eauthor
_962002
245 0 0 _aديوان النقائض: نقائض جرير والفرزدق، ج2
250 _aط1
264 3 1 _aبيروت: دار صادر، د.ت
300 _aج2: 476ص
336 _atext
_btxt
_2rdacontent
337 _aunmediated
_bn
_2rdamedia
338 _avolume
_bnc
_2rdacarrier
650 4 _aالشعر العربي-تاريخ -نقائض-جرير- الفرزدق
_962003
999 _aA28054
_c31622
_d31622